L'amante perfetto : armonia nella vita sessuale.
Guardat en:
| Autor principal: | |
|---|---|
| Format: | Llibre |
| Idioma: | italià |
| Publicat: |
Bologna :
Nettuno omnia,
1968
|
| Matèries: | |
| Etiquetes: |
Sense etiquetes, Sigues el primer a etiquetar aquest registre!
|
MARC
| LEADER | 00000nam a22000001i 4500 | ||
|---|---|---|---|
| 001 | IT\ICCU\SBL\0376597 | ||
| 003 | ItRI | ||
| 005 | 20260115232222.0 | ||
| 008 | 910930s1968 it |||||| ||||| |||||c | ||
| 015 | |2 IT |a 705256 | ||
| 040 | |b ita |c importazione bologna sebina | ||
| 041 | 7 | |a ita |2 ISO-639-2 | |
| 082 | |a 612.6 |9 SESSO, RIPRODUZIONE, ACCRESCIMENTO CORPOREO |2 17 | ||
| 100 | 1 | |a Larsen, Sigmund |0 IT\ICCU\SBLV\183581 |4 aut | |
| 245 | 1 | 2 | |a L'amante perfetto : |b armonia nella vita sessuale. |
| 260 | |a Bologna : |b Nettuno omnia, |c 1968 | ||
| 300 | |a 123 p. ; |c 17 cm . | ||
| 650 | 7 | |a Sesso | |
| 942 | |2 ddc |c BK |n 0 | ||
| 952 | |0 0 |1 0 |4 0 |6 DOC_613_960000000000000_LAR |7 0 |9 22205 |a BO |b BO |d 2026-01-15 |i 1188 |l 0 |o DOC 613.96 LAR |p BO1188 |r 2026-01-15 23:22:22 |w 2026-01-15 |x [Sebina 7] [1 v.] |y BK |z 1 v. | ||
| 999 | |c 18975 |d 18975 | ||